Nghề gỗ đá thủ công truyền thống của đồng bào thiểu số tỉnh Cao Bằng

Giới thiệu đặc điểm tự nhiên, tính chất đặc thù trong khai thác, chế biến gỗ đá ở tỉnh Cao Bằng. Sưh hình thành và phát triển nghề gỗ đá thủ công truyền thống của đồng bào thiểu số tỉnh. Những sản phẩm của nghề gỗ dá thủ công truyền thống của đồng bào thiểu số tỉnh Cao Bằng...

Descrición completa

Gardado en:
Detalles Bibliográficos
Autor Principal: Dương Sách
Outros autores: Dương Thị Đào
Formato: Libro
Idioma:Vietnamese
Publicado: H. Thời đại 2010
Những chủ đề:
Các nhãn: Engadir etiqueta
Sen Etiquetas, Sexa o primeiro en etiquetar este rexistro!
Thư viện lưu trữ: Mạng thư viện Đại học Đà Nẵng
LEADER 01678aam a22003738a 4500
001 000007072
003 3233
005 20120515100501.0
008 110926s2010 viesd
020 |d 2000b 
041 0 0 |a vie 
082 1 4 |2 14  |a 398.20959712  |b DU-S 
100 1 |a Dương Sách 
245 1 0 |a Nghề gỗ đá thủ công truyền thống của đồng bào thiểu số tỉnh Cao Bằng  |c Dương Sách, Dương Thị Đào 
260 |a H.  |b Thời đại  |c 2010 
300 |a 276tr.  |c 21cm 
500 |a ĐTTS ghi: Hội Văn nghệ dân gian Việt Nam 
520 |a Giới thiệu đặc điểm tự nhiên, tính chất đặc thù trong khai thác, chế biến gỗ đá ở tỉnh Cao Bằng. Sưh hình thành và phát triển nghề gỗ đá thủ công truyền thống của đồng bào thiểu số tỉnh. Những sản phẩm của nghề gỗ dá thủ công truyền thống của đồng bào thiểu số tỉnh Cao Bằng 
650 7 |2 Bộ TK TVQG  |a Nghề thủ công truyền thống 
650 7 |2 Bộ TK TVQG  |a Làng nghề 
650 7 |2 Bộ TKTVQG  |a Đá 
650 7 |2 Bộ TKTVQG  |a Gỗ 
651 7 |2 Bộ TKTVQG  |a Cao Bằng 
700 1 |a Dương Thị Đào 
OWN |a LSP 
AVA |a UDN50  |b LSP  |d 398.20959712 DU-S  |e available  |t Error 5001 Not defined in file expand_doc_bib_avail.  |f 2  |g 0  |h N  |i 0  |k 1 
999 |a From the UDN01 
AVA |a UDN50  |b LSP  |d 398.20959712 DU-S  |e available  |t Error 5001 Not defined in file expand_doc_bib_avail.  |f 2  |g 0  |h N  |i 0  |k 1 
TYP |a Monograph 
TYP |a Printed language 
980 |a Mạng thư viện Đại học Đà Nẵng